[Event "Feffernitz Raika op 23rd"]
[Site "Feffernitz"]
[Date "2014.08.20"]
[Round "6"]
[White "Natter, Markus"]
[Black "Amon, Andreas"]
[Result "1-0"]
[WhiteElo "2074"]
[BlackElo "1820"]
[PlyCount "63"]
[EventDate "2014.08.16"]
[EventType "swiss"]
[EventRounds "9"]
[EventCountry "AUT"]
[SourceTitle "CBM 161 Extra"]
[Source "ChessBase"]
[SourceDate "2014.08.29"]
[SourceVersion "1"]
[SourceVersionDate "2014.08.29"]
[SourceQuality "1"]

1. e4 c5 2. Nf3 g6 3. d4 Bg7 4. d5 d6 5. h3 f5 6. Nbd2 Nf6 7. Bd3 fxe4 8. Nxe4 0-0 9. c4 Bf5 10. Neg5 Bxd3 11. Qxd3 Qa5+ 12. Bd2 Qb6 13. Ne6 Nbd7 14. Nxf8 Rxf8 15. 0-0 Nh5 16. Bc3 Nf4 17. Qe3 Bxc3 18. bxc3 Qb2 19. Rab1 Qc2 20. Rxb7 Qf5 21. Kh2 Nb6 22. Qxe7 Rf7 23. Qxf7+ Qxf7 24. Rxf7 Kxf7 25. Re1 Nd3 26. Re3 Nxf2 27. Nd2 Nd1 28. Re6 Nxc3 29. Rxd6 Nxa2 30. Rc6 Ke7 31. Rxc5 Kd6 32. Ra5 1-0